000 00368nam a2200133Ia 4500
008 151001s9999||||xx |||||||||||||| ||und||
100 _aSwami Chidrupanand
245 _aChinmaya Vidyalaye
250 _a1
260 _bCentral chinmaya Mission Trust
260 _c1987
300 _a72
365 _b18
999 _c984303
_d984300